Biblioteca

Globalization, spirituality, and justice (Registro nro. 65008)

Detalles MARC
000 -LÍDER
Campo fijo de descripción fija 01598cam a2200373 i 4500
001 - NÚMERO DE CONTROL
Campo de control 926096788
003 - IDENTIFICADOR DEL NÚMERO DE CONTROL
Campo de control OCoLC
005 - FECHA Y HORA DE LA ULTIMA TRANSACCIÓN
control field 20190510092334.0
008 - ELEMENTOS DE LONGITUD FIJA -- INFORMACIÓN GENERAL
Campo fijo de descripción fija -- Información general 150820t20152018nyua g b 001 0 eng d
020 ## - NÚMERO INTERNACIONAL NORMALIZADO PARA LIBROS
Número Internacional Normalizado del libro 9781626981508 (pbk.)
020 ## - NÚMERO INTERNACIONAL NORMALIZADO PARA LIBROS
Número Internacional Normalizado del libro 1626981507 (pbk.)
040 ## - FUENTE DE CATALOGACIÓN
Agencia de catalogación original NLE
Idioma de catalogación spa
Convenciones de la descripción rda
Agencia que realiza la transcripción CO-MdFUSB
Agencia que realiza la modificación UAB
-- UtOrBLW
041 ## - CÓDIGO DE IDIOMA
Código de idioma para texto/pista de sonido o título separado eng
082 ## - NÚMERO DE CLASIFICACIÓN DECIMAL DEWEY
Número de la edición del Dewey 24
Número de clasificación G 261.8
Clave de autor-Numero de item G8765gl
100 1# - ASIENTO PRINCIPAL--NOMBRE PERSONAL
Nombre personal Groody, Daniel G.,
Fechas asociadas con el nombre 1964-
Término relacionador autor.
245 10 - TÍTULO
Título del Material Globalization, spirituality, and justice
Parte restante del título - Subtitulo : navigating the path to peace
Mención de responsabilidad, etc. / Daniel G. Groody.
250 ## - MENCIÓN DE EDICIÓN
Mención de edición Edición revisada.
264 #1 - PRODUCCIÓN, PUBLICACIÓN, DISTRIBUCIÓN, MANUFACTURA, Y COPYRIGHT
Lugar de producción, publicación, distribución, manufactura Maryknoll, New York :
Nombre del productor, publicador, distribuidor Orbis Books,
Fecha de producción, publicación, distribución, manufactura, o copyright ℗[2018]
264 #4 - PRODUCCIÓN, PUBLICACIÓN, DISTRIBUCIÓN, MANUFACTURA, Y COPYRIGHT
Fecha de producción, publicación, distribución, manufactura, o copyright ©2007, 2015.
300 ## - DESCRIPCIÓN FÍSICA
Extensión xxiv, 280 páginas :
Otros detalles físicos ilustraciones ;
Dimensiones 24 cm.
336 ## - TIPO DE CONTENIDO
Fuente rdacontent.
Término de tipo de contenido texto
Código de tipo de contenido txt
337 ## - TIPO DE MEDIO
Fuente rdamedia.
Nombre del tipo de medio sin mediación
Código del tipo de medio n
338 ## - TIPO DE SOPORTE
Fuente rdacarrier.
Nombre del tipo de soporte volumen
Código Tipo de soporte nc
490 1# - MENCIÓN DE SERIE
Mención de serie Theology in global perspective series.
501 ## - NOTA DE “CON”
Nota de Contenido Incluye índice (páginas 272- 280)
505 ## - NOTA DE CONTENIDO
Nota de contenido con formato preestablecido Don de Dios, responsabilidad humana -- Palabra viva, narrativa salvadora -- Mensaje antiguo, significado moderno -- Un Dios de vida, una civilización de amor -- Una humanidad común, un credo diferente -- Imágenes de misericordia, iconos de justicia -- Una crisis social, una teología de la liberación -- Adorando en espíritu, viviendo en verdad -- Un corazón que ama, una fe justa
650 #0 - ASIENTO SECUNDARIO DE MATERIA - TERMINO TEMÁTICO
9 (RLIN) 1851
Término temático o nombre geográfico como elemento de entrada Justicia social
650 #7 - ASIENTO SECUNDARIO DE MATERIA - TERMINO TEMÁTICO
9 (RLIN) 405
Término temático o nombre geográfico como elemento de entrada Sociología cristiana
830 #0 - PUNTO DE ACCESO ADICIONAL DE SERIE - TÍTULO UNIFORME
Título uniforme Theology in global perspective.
942 ## - TIPO DE MATERIAL (KOHA)
Tipo de Item KOHA Libros General
Existencias
Estado de Material Estado de Perdido Forma de Clasificación Estado de Dañado No para Préstamo Colección Biblioteca de Origen Biblioteca Permanente Fecha de Adquisición Total de Préstamos Signatura Topográfica Código de Barras Última vez visto Última vez Préstado Ejemplar/Existencia Fecha de Remplazo Tipo de Material
    Dewey Decimal Classification     Colección TID Biblioteca FUSBC Biblioteca FUSBC 07/05/2019 2 G 261.8 G8765gl 10520 12/12/2019 12/11/2019 Ej. 1 07/05/2019 Libros General

Biblioteca FUSBC | Teléfono: (57+4) 349 88 10 Ext. 141| WhatsApp (+57) 3005338115 
E-mail: biblioteca@unisbc.edu.co | Calle 76 87-14 Robledo Palenque, Medellín, Colombia

Con tecnología Koha